MODERNISM AND MIMESIS.

Bibliographic Details
Main Author: DOWDEN, STEPHEN
Format: Book
Language:English
Published: [Place of publication not identified] : PALGRAVE MACMILLAN, 2020.
Subjects:

MARC

Tag First Indicator Second Indicator Subfields
LEADER 00000cam a2200000M 4500
001 in00004350016
008 200615s2020 xx 0|| 0 eng d
005 20250318222326.7
020 |a 9783030531331 
020 |a 3030531333 
020 |z 9783030531348 (PDF ebook) 
035 |a (OCoLC)on1158197173 
035 |a (OCoLC)1158197173 
040 |a YDX  |b eng  |c YDX  |d UKMGB  |d UtOrBLW 
082 0 4 |a 700.4112  |2 23 
100 1 |a DOWDEN, STEPHEN. 
245 1 0 |a MODERNISM AND MIMESIS. 
264 1 |a [Place of publication not identified] :  |b PALGRAVE MACMILLAN,  |c 2020. 
300 |a 1 volume :  |b illustrations (colour) ;  |c 21 cm 
336 |a text  |2 rdacontent  |b txt 
336 |a still image  |b sti  |2 rdacontent 
337 |a unmediated  |2 rdamedia  |b n 
338 |a volume  |2 rdacarrier  |b nc 
650 0 |a Modernism (Literature)  |0 http://id.loc.gov/authorities/subjects/sh85086446 
650 0 |a Modernism (Art)  |0 http://id.loc.gov/authorities/subjects/sh85086445 
650 0 |a Modernism (Music)  |0 http://id.loc.gov/authorities/subjects/sh2004014988 
650 0 |a Mimesis in literature.  |0 http://id.loc.gov/authorities/subjects/sh85085454 
650 0 |a Mimesis in art.  |0 http://id.loc.gov/authorities/subjects/sh90004653 
650 0 |a Mimesis in music.  |0 http://id.loc.gov/authorities/subjects/sh2014000284 
776 0 8 |i ebook version :  |z 9783030531348 
852 8 |b pda,print  |z This title is available for the library to purchase for your use. Click the "Purchase It For Me" button to place a request. This item may take 5-10 business days to arrive. 
955 |a Print PDA title 
961 |m 565730 
999 f f |s 122ef04e-a908-4d7d-a52f-6db84addbafe  |i f029a039-8aae-39e8-a079-b61da558d103  |t 0 
952 f f |a Texas A&M University  |b College Station  |c Sterling C. Evans Library  |d Purchase on Demand  |t 0  |h Library of Congress classification 
998 f f |t 0  |l Purchase on Demand